000 00536nam a22001937a 4500
003 KOHA_MİRAKIL
005 20250429172002.0
008 250429b tu ||||| |||| 00| 0 tur d
020 _a9786050833324
040 _aTR-AnABB
_btur
_cTR-AnABB
041 _atur
082 _a894.51133
_bFAR 2021
100 1 _aFarrand, Tünde,
245 1 0 _aKurtlar ülkesi /
_cTünde Farrand
260 _aİstanbul :
_bTimaş Yayınları,
_c2021
300 _a372 sayfa ;
_c19 cm
650 0 4 _aMacar edebiyatı, roman
942 _2ddc
_cBK
999 _c8870
_d8870
900 _bGizem YORULMAZ